| 000 | 00606nam a22001937a 4500 | ||
|---|---|---|---|
| 003 | OSt | ||
| 005 | 20260305161245.0 | ||
| 008 | 260305b |||||||| |||| 00| 0 eng d | ||
| 040 |
_cKABLIB _dKABLIB |
||
| 082 |
_223 _a519.2 _bYAT |
||
| 100 |
_aYate Roy D. _eAuthor _915625 |
||
| 245 |
_aProbability and Stochastic Processes : _bA friendly Introduction for Electrical and Computer Engineers _cRoy D. Yates, David J. Goodman |
||
| 250 | _a4th ed. | ||
| 260 |
_aBathinda _bwiley _cc2025 |
||
| 300 |
_axvi, 560 P. ; _c25 cm |
||
| 500 | _aInclude indexes | ||
| 600 |
_aDavid J. Goodman _915626 |
||
| 942 |
_2ddc _cBOOK |
||
| 999 |
_c6153 _d6153 |
||